Patología de la construcción (Record no. 59104)

MARC details
000 -LEADER
campo de control de longitud fija 00833nam a2200253 i 4500
001 - NÚMERO DE CONTROL
campo de control 59104
003 - IDENTIFICADOR DE NÚMERO DE CONTROL
campo de control ES-MaACL
005 - FECHA Y HORA DE LA ÚLTIMA TRANSACCIÓN
campo de control 20230906163951.0
007 - CAMPO FIJO DE DESCRIPCIÓN FÍSICA--INFORMACIÓN GENERAL
campo de control de longitud fija t|
008 - DATOS DE LONGITUD FIJA--INFORMACIÓN GENERAL
campo de control de longitud fija 031027s1973 sp |||| | spa d
100 1# - ENTRADA PRINCIPAL--NOMBRE DE PERSONA
Nombre de persona Eichler, Friedrich.
9 (RLIN) 46810
245 10 - MENCIÓN DEL TÍTULO
Título Patología de la construcción
Resto del título : detalles constructivos /
Mención de responsabilidad, etc. Friedrich Eichler ; versión Adrián Margarit y José Fabregat.
250 ## - MENCION DE EDICION
Mención de edición 1ª ed.
260 ## - PUBLICACIÓN, DISTRIBUCIÓN, ETC.
Lugar de publicación, distribución, etc. Barcelona :
Nombre del editor, distribuidor, etc. Blume,
Fecha de publicación, distribución, etc. 1973.
300 ## - DESCRIPCIÓN FÍSICA
Extensión 403 p. :
Otras características físicas il. ;
Dimensiones 29 cm.
490 1# - MENCIÓN DE SERIE
Mención de serie Biblioteca técnica de la construcción
650 #4 - PUNTO DE ACCESO ADICIONAL DE MATERIA--TÉRMINO DE MATERIA
Término de materia o nombre geográfico como elemento de entrada Construcción-
Subdivisión general Fallos.
9 (RLIN) 144228
700 1# - ENTRADA AGREGADA--NOMBRE PERSONAL
Nombre de persona Margarit, Adrian.
9 (RLIN) 76617
700 1# - ENTRADA AGREGADA--NOMBRE PERSONAL
Nombre de persona Fabregat, José.
9 (RLIN) 48566
830 0# - PUNTO DE ACCESO ADICIONAL DE SERIE-TÍTULO UNIFORME
Título uniforme Biblioteca técnica de la construcción
9 (RLIN) 182987
852 ## - LOCALIZACIÓN
Ubicación ES-MaACL
Número de control de estantería C-54622
852 ## - LOCALIZACIÓN
Ubicación ES-MaACL
Número de control de estantería C-55410
Holdings
Estatus retirado Estado de pérdida Estado de daño No para préstamo Biblioteca de origen Biblioteca actual Ubicación en estantería Fecha de adquisición Fuente de adquisición Total de préstamos Signatura topográfica completa Código de barras Visto por última vez Precio de reemplazo Tipo de ítem Koha
        Biblioteca del Ateneo de Madrid Biblioteca del Ateneo de Madrid Depósito 2 17/01/2008     C-55410 1062001 23/02/2023 23/02/2023 Libro impreso
        Biblioteca del Ateneo de Madrid Biblioteca del Ateneo de Madrid Depósito 2 17/01/2008     C-54622 1062000 23/02/2023 23/02/2023 Libro impreso